Nom de pays plus courte A-Z - Statistiques

Statistiques générales
  • Ce quiz a été pris 177 fois
    161 depuis la dernière actualisation
  • Le résultat moyen est 16 sur 24
Statistiques - réponses
Lettre Longueur Pays % Correct
Y 5 Yemen
88%
N 5 Nauru/Népal/Niger
87%
Q 5 Qatar
87%
Z 6 Zambie
87%
O 4 Oman
82%
F 5 Fidji
76%
I 4 Iran/Irak/Inde
76%
L 4 Laos
76%
R 6 Russie/Rwanda
76%
M 4 Mali
75%
J 5 Japon
73%
S 5 Samoa/Suède
73%
G 5 Ghana/Gabon
72%
U 7 Ukraine/Uruguay
71%
D 8 Danemark
70%
T 4 Togo
70%
B 5 Benin
69%
H 5 Haiti
68%
V 7 Vanuatu/Viêt Nam
68%
C 4 Cuba
66%
A 6 Angola
41%
P 4 Pérou
38%
E 6 Égypte
29%
K 5 Kenia
13%
Aucun quiz correspondant
Distribution des résultats
% des personnes avec chaque résultat
Percentile par nombre de réponses
Votre historique - résultats
Vous n’avez pas pris ce quiz depuis la dernière actualisation